Discurso pronunciado en el Círculo Liberal Conservador en la tarde del 23 de octubre de 1887 / (Record no. 102966)

MARC details
000 -LEADER
campo de control de longitud fija 00990nam a2200241 i 4500
001 - NÚMERO DE CONTROL
campo de control 102966
003 - IDENTIFICADOR DE NÚMERO DE CONTROL
campo de control ES-MaACL
005 - FECHA Y HORA DE LA ÚLTIMA TRANSACCIÓN
campo de control 20250425115157.0
007 - CAMPO FIJO DE DESCRIPCIÓN FÍSICA--INFORMACIÓN GENERAL
campo de control de longitud fija t|
008 - DATOS DE LONGITUD FIJA--INFORMACIÓN GENERAL
campo de control de longitud fija 051222s1887 sp ||||1| spa d
080 ## - NÚMERO DE LA CLASIFICACIÓN DECIMAL UNIVERSAL
Número de la Clasificación Decimal Universal 32(460)"18"
100 1# - ENTRADA PRINCIPAL--NOMBRE DE PERSONA
Nombre de persona Cánovas del Castillo, Antonio,
Fechas asociadas al nombre 1828-1897
9 (RLIN) 34600
245 10 - MENCIÓN DEL TÍTULO
Título Discurso pronunciado en el Círculo Liberal Conservador en la tarde del 23 de octubre de 1887 /
Mención de responsabilidad, etc. por el Excmo. Sr. D. Antonio Cánovas del Castillo.
260 ## - PUBLICACIÓN, DISTRIBUCIÓN, ETC.
Lugar de publicación, distribución, etc. Madrid :
Nombre del editor, distribuidor, etc. Librería de Miguel Guijarro,
Fecha de publicación, distribución, etc. 1887.
300 ## - DESCRIPCIÓN FÍSICA
Extensión 56 p. ;
Dimensiones 15 cm.
530 ## - NOTA DISPONIBLE DE FORMULARIO FÍSICO ADICIONAL
Nota de formato físico adicional disponible Disponible en formato digital.
650 #4 - PUNTO DE ACCESO ADICIONAL DE MATERIA--TÉRMINO DE MATERIA
Término de materia o nombre geográfico como elemento de entrada Política-
Subdivisión geográfica España-
Subdivisión cronológica S.XIX.
9 (RLIN) 149874
710 2# - ENTRADA AGREGADA--NOMBRE DE ENTIDAD CORPORATIVA
Nombre de entidad corporativa o nombre de jurisdicción como elemento de entrada Circulo Liberal Conservador (Madrid)
9 (RLIN) 172705
852 ## - LOCALIZACIÓN
Ubicación ES-MaACL
Número de control de estantería 2200-F-12
Ubicación en estantería Depósito folletos
Nota libre Revisado enlace: 25 de Abril de 2025
856 ## - LOCALIZACIÓN Y ACCESO ELECTRÓNICOS
Identificador Uniforme de Recursos <a href="https://www.bibliotecadigitaldeandalucia.es/catalogo/es/consulta/registro.do?id=8271">https://www.bibliotecadigitaldeandalucia.es/catalogo/es/consulta/registro.do?id=8271</a>
Texto de enlace Biblioteca Virtual de Andalucía
942 ## - ELEMENTOS DE ENTRADA SECUNDARIOS (KOHA)
Fuente del sistema de clasificación o colocación Clasificación decimal universal
Holdings
Estatus retirado Estado de pérdida Fuente del sistema de clasificación o colocación Estado de daño No para préstamo Colección Biblioteca de origen Biblioteca actual Ubicación en estantería Fecha de adquisición Total de préstamos Signatura topográfica completa Código de barras Visto por última vez Precio de reemplazo Tipo de ítem Koha
    Clasificación decimal universal     Biblioteca Digital del Ateneo de Madrid Biblioteca del Ateneo de Madrid Biblioteca del Ateneo de Madrid Depósito folletos 17/01/2008   2200-F-12 1107508 23/02/2023 23/02/2023 Folleto